书目信息 |
| 题名: |
计算机网络安全应用基础
|
|
| 作者: | 杨富国 主编 | |
| 分册: | ||
| 出版信息: | 北京 清华大学出版社 2005 |
|
| 页数: | 272页 | |
| 开本: | 26cm | |
| 丛书名: | ||
| 单 册: | ||
| 中图分类: | TP393.08-43 | |
| 科图分类: | ||
| 主题词: | 计算机网络--ji suan ji wang luo--安全技术--高等学校--教材 | |
| 电子资源: | ||
| ISBN: | 7-81082-355-8 | |
| 000 | 00936cam0 2200241 450 | |
| 001 | 012006098900 | |
| 005 | 20060329101010.1 | |
| 010 | @a7-81082-355-8@dCNY25.00 | |
| 100 | @a20050716d2005 em y0chiy0121 ea | |
| 101 | 0 | @achi |
| 102 | @aCN@b110000 | |
| 105 | @ay z 000yy | |
| 200 | 1 | @a计算机网络安全应用基础@Aji suan ji wang luo an quan ying yong ji chu@f杨富国主编 |
| 210 | @a北京@c清华大学出版社@c北京交通大学出版社@d2005 | |
| 215 | @a272页@d26cm | |
| 300 | @a高等学校计算机科学与技术教材 | |
| 330 | @a本书共11章,主要内容有计算机网络安全概述、网络体系结构与网络协议、黑客攻击方法、计算机病毒及防范、网络安全设备——防火墙、入侵检测、安全漏洞扫描器、网络安全性规划的设计与管理等。 | |
| 606 | 0 | @a计算机网络@Aji suan ji wang luo@x安全技术@x高等学校@j教材 |
| 690 | @aTP393.08-43@v4 | |
| 701 | 0 | @a杨富国@Ayang fu guo@4主编 |
| 801 | 0 | @aCN@bSRXX@c20060112 |
| 801 | 2 | @aCN@bSRXX@c20060329 |
| 905 | @a10447@dTP393.08-43@eY172 | |
| 计算机网络安全应用基础/杨富国主编.-北京:清华大学出版社:北京交通大学出版社,2005 |
| 272页;26cm |
| 高等学校计算机科学与技术教材 |
| ISBN 7-81082-355-8:CNY25.00 |
| 本书共11章,主要内容有计算机网络安全概述、网络体系结构与网络协议、黑客攻击方法、计算机病毒及防范、网络安全设备——防火墙、入侵检测、安全漏洞扫描器、网络安全性规划的设计与管理等。 |
| ● |
| 相关链接 |
|
|
|
正题名:计算机网络安全应用基础
索取号:TP393.08-43/Y172
 
预约/预借
| 序号 | 登录号 | 条形码 | 馆藏地/架位号 | 状态 | 备注 |
| 1 | 549077 | 205490770 | 自科库301/301自科库 123排2列1层/ [索取号:TP393.08-43/Y172] | 在馆 | |
| 2 | 549078 | 205490789 | 自科库301/301自科库 123排2列1层/ [索取号:TP393.08-43/Y172] | 在馆 | |
| 3 | 549079 | 205490798 | 自科二线404/301自科库 118排2列1层/ [索取号:TP393.08-43/Y172] | 在馆 |